[Event "7MCR_4D_1L_2S"]
[Site "?"]
[Date "2006.??.??"]
[Round "?"]
[White "Batka, Josef"]
[Black "Jirku, Jaroslav"]
[Result "1/2-1/2"]
[WhiteElo "2260"]
[BlackElo "2292"]
[PlyCount "116"]
[EventDate "2006.??.??"]
[EventType "corr"]

1. e4 e5 2. Nc3 Nc6 3. Bc4 Nf6 4. d3 Bb4 5. Nf3 d5 6. exd5 Nxd5 7. O-O Bxc3 8.
bxc3 O-O 9. Ng5 h6 10. Qf3 Nf6 11. Ne4 Nxe4 12. Qxe4 Na5 13. Bb5 c6 14. Ba4 Re8
15. c4 Rb8 16. Rb1 Bd7 17. Bd2 b5 18. cxb5 cxb5 19. Qd5 a6 20. Rfe1 Nc6 21. Bb3
Qe7 22. f4 Rbc8 23. fxe5 Be6 24. Qd6 Bxb3 25. axb3 Qa7+ 26. Be3 Qb7 27. Bf2 Re6
28. Qd5 Qc7 29. c4 Rd8 30. Qc5 Rxd3 31. cxb5 axb5 32. Qxb5 Qd8 33. b4 Nxe5 34.
Ra1 Rd2 35. Rf1 Nd3 36. Qb7 Kh7 37. Qf3 Rg6 38. Kh1 Qe7 39. Rad1 Rxd1 40. Rxd1
Nxb4 41. Kg1 Qc7 42. Qf5 Qc2 43. Qxc2 Nxc2 44. Rd7 Ra6 45. Ra7 Rxa7 46. Bxa7
Kg6 47. Bc5 h5 48. Kf2 Kf5 49. h3 Ke4 50. g3 Nd4 51. Bd6 Ne6 52. Bb8 g5 53. g4
h4 54. Kg2 Nf4+ 55. Kh2 Nd5 56. Bd6 Kf3 57. Bb8 Ne3 58. Be5 Nf1+ 1/2-1/2

[Event "7MCR_4D_1L_2S"]
[Site "?"]
[Date "2006.??.??"]
[Round "?"]
[White "Batka, Josef"]
[Black "Kuta, Miroslav"]
[Result "1/2-1/2"]
[WhiteElo "2260"]
[BlackElo "2248"]
[PlyCount "50"]
[EventDate "2006.??.??"]
[EventType "corr"]

1. e4 c6 2. c4 d5 3. exd5 cxd5 4. cxd5 Nf6 5. Qa4+ Nbd7 6. Nc3 g6 7. Nf3 Bg7 8.
Qb3 O-O 9. Bc4 Nc5 10. Qa3 Nce4 11. O-O Nd6 12. d3 Bf5 13. Re1 a6 14. Bf4 Re8
15. Nd4 Nxc4 16. dxc4 Bd3 17. Rad1 Bxc4 18. Be5 Bxd5 19. Nf5 Bf8 20. Bxf6 exf6
21. Rxe8 Qxe8 22. Nxd5 Bxa3 23. Nxf6+ Kh8 24. Nxe8 Rxe8 25. bxa3 gxf5 1/2-1/2

[Event "7MCR_4D_1L_2S"]
[Site "?"]
[Date "2006.??.??"]
[Round "?"]
[White "Batka, Josef"]
[Black "Nyvlt, Zdenek"]
[Result "1/2-1/2"]
[WhiteElo "2260"]
[BlackElo "2302"]
[PlyCount "101"]
[EventDate "2006.??.??"]
[EventType "corr"]

1. e4 d6 2. d4 Nf6 3. Nc3 g6 4. f4 Bg7 5. Nf3 O-O 6. Bd3 Nc6 7. O-O e5 8. fxe5
dxe5 9. d5 Nd4 10. Nxe5 Nxd5 11. Nxd5 Bxe5 12. Bf4 Nc6 13. Qd2 Be6 14. Bxe5
Nxe5 15. Nf6+ Kg7 16. Qc3 Qd6 17. Be2 Rad8 18. Kh1 b6 19. b3 Qc5 20. Qg3 a5 21.
Qf4 Nd7 22. Nxd7 Rxd7 23. Qf6+ Kg8 24. Bd3 Rd4 25. Rf3 Rfd8 26. Raf1 R8d7 27.
h3 c6 28. Qf4 a4 29. Qg3 Rd8 30. Qf2 Qe7 31. e5 b5 32. Rf6 b4 33. Qg3 Bd5 34.
bxa4 c5 35. Bb5 Rd2 36. R1f2 Rxf2 37. Rxf2 Bxa2 38. a5 Be6 39. Qf4 c4 40. Rd2
Rc8 41. a6 c3 42. Rd1 Qc5 43. Bd3 b3 44. cxb3 Bxb3 45. Rc1 c2 46. Kh2 Qa7 47.
Bf5 Qxa6 48. Bxc8 Qxc8 49. Qe3 Qc4 50. Kg3 h5 51. Kh2 1/2-1/2

[Event "7MCR_4D_1L_2S"]
[Site "?"]
[Date "2006.??.??"]
[Round "?"]
[White "Batka, Josef"]
[Black "Tkac, Leopold"]
[Result "1-0"]
[WhiteElo "2260"]
[BlackElo "2122"]
[PlyCount "127"]
[EventDate "2006.??.??"]
[EventType "corr"]

1. e4 c5 2. c3 d5 3. exd5 Qxd5 4. d4 Nf6 5. Nf3 Nc6 6. Be2 cxd4 7. cxd4 e6 8.
O-O Be7 9. Nc3 Qa5 10. a3 O-O 11. Be3 Bd7 12. b4 Qc7 13. d5 exd5 14. Nxd5 Nxd5
15. Qxd5 Rad8 16. b5 Na5 17. Rac1 Qb8 18. b6 Nc6 19. bxa7 Nxa7 20. Bb6 Be6 21.
Qe4 Rde8 22. Bd3 g6 23. Qe3 Nc6 24. Qh6 f5 25. Ng5 Bxg5 26. Qxg5 Rf7 27. Rfe1
Bd5 28. Qd2 Re5 29. Rxe5 Nxe5 30. Be2 Be6 31. Qc3 Ng4 32. Bc7 Qa7 33. Bg3 Qb6
34. Bf3 Nf6 35. Qe5 Nd7 36. Qe1 f4 37. Bh4 Nf8 38. Bg5 Qb3 39. Rc3 Qb2 40. Bh6
Qb5 41. h4 Qf5 42. Qc1 b6 43. Rc7 Qe5 44. Rxf7 Kxf7 45. Qxf4+ Qxf4 46. Bxf4 Bc4
47. Be3 Nd7 48. Kh2 b5 49. Kg3 Ke6 50. Kf4 Ne5 51. Be4 Bd3 52. Bb7 h6 53. g4
Be2 54. Kg3 h5 55. gxh5 gxh5 56. Ba6 Bd3 57. Kf4 Kd5 58. Kg5 Be2 59. a4 Nf3+
60. Kf4 Nxh4 61. Bb7+ Kd6 62. axb5 Bd3 63. b6 Nf5 64. Bf3 1-0

[Event "7MCR_4D_1L_2S"]
[Site "?"]
[Date "2006.??.??"]
[Round "?"]
[White "Batka, Josef"]
[Black "Toman, Antonin"]
[Result "1/2-1/2"]
[WhiteElo "2260"]
[BlackElo "2248"]
[PlyCount "94"]
[EventDate "2006.??.??"]
[EventType "corr"]

1. e4 e5 2. Nc3 Nf6 3. Bc4 Nc6 4. d3 Na5 5. Nge2 c6 6. O-O Be7 7. a3 Nxc4 8.
dxc4 O-O 9. Qd3 d6 10. Bg5 Be6 11. Rad1 Qb6 12. b3 Rad8 13. Qg3 Qc5 14. Be3 Qa5
15. a4 Ne8 16. Bd2 Qc7 17. f4 f5 18. Bc1 Rf7 19. Be3 fxe4 20. Nxe4 Bf5 21. fxe5
dxe5 22. Rxd8 Bxd8 23. N2c3 Nd6 24. Ng5 Bxg5 25. Bxg5 Bxc2 26. Qxe5 Rxf1+ 27.
Kxf1 Qf7+ 28. Kg1 Nc8 29. b4 Bd3 30. Qf4 Bxc4 31. Qxf7+ Kxf7 32. Be3 b6 33. a5
bxa5 34. bxa5 Ke6 35. Kf2 g6 36. g4 Ke5 37. Na4 h5 38. gxh5 gxh5 39. Kg3 Bf7
40. Kh4 Kd5 41. Nc5 Kc4 42. Nb7 Kb4 43. Kg5 Be8 44. Kf6 Bd7 45. Ke5 Bh3 46. Nd6
c5 47. Nxc8 Bxc8 1/2-1/2

[Event "7MCR_4D_1L_2S"]
[Site "?"]
[Date "2006.??.??"]
[Round "?"]
[White "Bednarik, Radovan"]
[Black "Dedina, Miroslav"]
[Result "0-1"]
[WhiteElo "2201"]
[BlackElo "2302"]
[PlyCount "86"]
[EventDate "2006.??.??"]
[EventType "corr"]

1. d4 Nf6 2. c4 g6 3. Nc3 Bg7 4. e4 O-O 5. Nf3 d6 6. Be2 Nbd7 7. O-O c6 8. Qc2
e5 9. d5 a5 10. Rd1 cxd5 11. cxd5 Nc5 12. Be3 b6 13. Bb5 Ng4 14. Bxc5 bxc5 15.
h3 Nf6 16. Nd2 Nh5 17. Nc4 Nf4 18. Kh2 Qh4 19. Rh1 Rb8 20. a4 Qd8 21. Rae1 f5
22. g3 Nh5 23. Rhf1 f4 24. Qd3 Qg5 25. Ne2 Bxh3 26. Kxh3 Qh6 27. Kg2 f3+ 28.
Kg1 Nxg3 29. fxg3 f2+ 30. Rxf2 Rxf2 31. Kxf2 Qh2+ 32. Kf3 Rf8+ 33. Nf4 exf4 34.
g4 h5 35. g5 h4 36. Qf1 Qg3+ 37. Ke2 f3+ 38. Kd1 Bd4 39. Qh1 h3 40. e5 Qg2 41.
Nd2 Be3 42. Nxf3 Rxf3 43. Qxg2 hxg2 0-1

[Event "7MCR_4D_1L_2S"]
[Site "?"]
[Date "2006.??.??"]
[Round "?"]
[White "Bednarik, Radovan"]
[Black "Jirku, Jaroslav"]
[Result "1/2-1/2"]
[WhiteElo "2201"]
[BlackElo "2292"]
[PlyCount "98"]
[EventDate "2006.??.??"]
[EventType "corr"]

1. d4 d5 2. c4 e6 3. Nf3 Nf6 4. e3 Be7 5. Be2 O-O 6. O-O b6 7. Nc3 Bb7 8. Qc2
dxc4 9. Rd1 a6 10. Bxc4 c5 11. dxc5 Qc7 12. Bd3 Bxf3 13. gxf3 Qxc5 14. Ne4 Nxe4
15. Bxe4 Qxc2 16. Bxc2 Rc8 17. Be4 Ra7 18. Bd2 f5 19. Bd3 Rd7 20. Bc3 Kf7 21.
Bf1 b5 22. f4 Rxd1 23. Rxd1 Bf6 24. Be5 Bxe5 25. fxe5 Rc2 26. Rd8 Nc6 27. Rc8
Ke7 28. f4 Kd7 29. Ra8 Rxb2 30. Rxa6 Kc7 31. h4 Kb7 32. Ra3 g6 33. Bg2 Kb6 34.
Ra8 b4 35. Rc8 Kb7 36. Re8 Rxa2 37. Rxe6 Rc2 38. Bd5 Rc3 39. Kf2 b3 40. Rxc6
Rxc6 41. Bxb3 Kc8 42. h5 Kd8 43. Bg8 Rc7 44. e4 fxe4 45. hxg6 hxg6 46. Bd5 g5
47. fxg5 Rg7 48. Ke3 Rxg5 49. Kxe4 Ke7 1/2-1/2

[Event "7MCR_4D_1L_2S"]
[Site "?"]
[Date "2006.??.??"]
[Round "?"]
[White "Bednarik, Radovan"]
[Black "Kuta, Miroslav"]
[Result "0-1"]
[WhiteElo "2201"]
[BlackElo "2248"]
[PlyCount "132"]
[EventDate "2006.??.??"]
[EventType "corr"]

1. d4 d5 2. c4 e6 3. Nf3 Nf6 4. e3 Be7 5. Nbd2 O-O 6. b3 b6 7. Bd3 Bb7 8. O-O
c5 9. dxc5 Bxc5 10. Bb2 Nbd7 11. a3 dxc4 12. Nxc4 Be7 13. Rc1 Nc5 14. Bc2 Qd5
15. Be5 Nce4 16. Qe2 Ba6 17. Rfd1 Bxc4 18. bxc4 Qc5 19. Bb2 Qh5 20. Rd4 Ng5 21.
Qd1 Nxf3+ 22. Qxf3 Qxf3 23. gxf3 Rfd8 24. Rcd1 Rxd4 25. Rxd4 Rc8 26. Bb3 Rc7
27. Kf1 Nd7 28. Rd2 Nc5 29. Bd1 f6 30. f4 Kf7 31. Bc2 Nb7 32. Bd3 f5 33. Be2
Bf6 34. Be5 Bxe5 35. fxe5 g5 36. f4 h6 37. Kf2 Ke7 38. Bf1 Nc5 39. Ke1 g4 40.
h3 h5 41. hxg4 hxg4 42. Rh2 Rd7 43. Rh8 Kf7 44. Ra8 Kg7 45. Ke2 a5 46. Rb8 Rd3
47. Rxb6 Rxa3 48. Bg2 Rc3 49. Rb5 Rc2+ 50. Kf1 Nd3 51. Rxa5 Nb2 52. Ra1 Nxc4
53. Re1 Kg6 54. Kg1 Nd2 55. Kf2 Ne4+ 56. Kg1 Nc3 57. Bf1 Kh5 58. e4 Nxe4 59.
Bd3 Rb2 60. Bxe4 fxe4 61. Rxe4 g3 62. Ra4 Kg4 63. Ra6 Re2 64. Ra4 Kf3 65. Ra1
Kxf4 66. Kf1 Rxe5 0-1

[Event "7MCR_4D_1L_2S"]
[Site "?"]
[Date "2006.??.??"]
[Round "?"]
[White "Bednarik, Radovan"]
[Black "Nyvlt, Zdenek"]
[Result "0-1"]
[WhiteElo "2201"]
[BlackElo "2302"]
[PlyCount "112"]
[EventDate "2006.??.??"]
[EventType "corr"]

1. d4 Nf6 2. c4 c5 3. d5 d6 4. Nc3 g6 5. e4 Bg7 6. Bd3 O-O 7. Nf3 e5 8. O-O Ne8
9. Bg5 Nf6 10. Qd2 Na6 11. Rab1 Nc7 12. a3 a5 13. Ne1 Bd7 14. Nc2 Rb8 15. b4
cxb4 16. axb4 Na6 17. bxa5 Qxa5 18. Na1 Rfc8 19. Nb3 Qc7 20. Nb5 Bxb5 21. cxb5
Nc5 22. Nxc5 Qxc5 23. Be3 Qc3 24. Qe2 Nd7 25. Rfc1 Qa3 26. Bc4 Ra8 27. Qf3 Qa5
28. b6 Qa4 29. Bf1 Nc5 30. Rc4 Qe8 31. g4 Ra3 32. Qg2 Qd8 33. g5 Bf8 34. h4 Rb3
35. Rxb3 Nxb3 36. Rb4 Nd4 37. Rb2 Rc3 38. Qg4 Qa8 39. Qd1 Qa3 40. Bxd4 exd4 41.
Rb1 Qc5 42. Kg2 Bg7 43. Ba6 Qc8 44. Bd3 Be5 45. Qe2 Qd8 46. Qd2 h5 47. Rb2 Qd7
48. Qd1 f6 49. Ra2 fxg5 50. Ra8+ Kg7 51. hxg5 h4 52. Ra7 h3+ 53. Kh1 Qf7 54.
Kg1 Rc8 55. Bf1 Qf4 56. Rxb7+ Kh8 0-1

[Event "7MCR_4D_1L_2S"]
[Site "?"]
[Date "2006.??.??"]
[Round "?"]
[White "Bednarik, Radovan"]
[Black "Tkac, Leopold"]
[Result "1-0"]
[WhiteElo "2201"]
[BlackElo "2122"]
[PlyCount "27"]
[EventDate "2006.??.??"]
[EventType "corr"]

1. d4 d5 2. c4 e6 3. Nf3 Nf6 4. e3 c5 5. cxd5 exd5 6. Bb5+ Bd7 7. Bxd7+ Nbxd7
8. O-O Bd6 9. Nc3 O-O 10. Qb3 Nb6 11. dxc5 Bxc5 12. Rd1 Qd7 13. e4 Nxe4 14.
Nxe4 1-0

[Event "7MCR_4D_1L_2S"]
[Site "?"]
[Date "2006.??.??"]
[Round "?"]
[White "Bednarik, Radovan"]
[Black "Toman, Antonin"]
[Result "1-0"]
[WhiteElo "2201"]
[BlackElo "2248"]
[PlyCount "23"]
[EventDate "2006.??.??"]
[EventType "corr"]

1. d4 d5 2. c4 e6 3. Nf3 c6 4. Qc2 dxc4 5. Qxc4 Nf6 6. Bg5 h6 7. Bh4 Qb6 8. Qc2
g5 9. Bg3 g4 10. Nfd2 Qxd4 11. e3 Qe4 12. Nxe4 1-0

[Event "7MCR_4D_1L_2S"]
[Site "?"]
[Date "2006.??.??"]
[Round "?"]
[White "Bednarik, Radovan"]
[Black "Vosahlik, Jiri"]
[Result "0-1"]
[WhiteElo "2201"]
[BlackElo "2328"]
[PlyCount "118"]
[EventDate "2006.??.??"]
[EventType "corr"]

1. d4 Nf6 2. c4 e6 3. Nf3 b6 4. g3 Ba6 5. b3 Bb4+ 6. Bd2 Be7 7. Bg2 c6 8. Bc3
d5 9. Nbd2 Nbd7 10. O-O O-O 11. Qc2 Rc8 12. e4 b5 13. e5 Ne8 14. Rfe1 bxc4 15.
bxc4 dxc4 16. Ne4 Nc7 17. Ba5 Nb6 18. Nc5 Rb8 19. Reb1 Qc8 20. Bd2 Nb5 21. Bb4
Nd5 22. a3 c3 23. Nxa6 Qxa6 24. Bxe7 Nxe7 25. a4 Nc7 26. Ng5 Nf5 27. g4 h6 28.
gxf5 hxg5 29. Qxc3 Nd5 30. Bxd5 cxd5 31. f6 Qe2 32. Qg3 Qh5 33. a5 gxf6 34.
exf6 Rxb1+ 35. Rxb1 Kh7 36. Rb7 Kg6 37. f3 a6 38. Ra7 Rc8 39. Rxa6 Rc4 40. Ra8
Rxd4 41. Qe5 Rd1+ 42. Kg2 Rd2+ 43. Kg1 Qh4 44. Rg8+ Kh7 45. Rg7+ Kh6 46. Kh1
Rf2 47. Qg3 Qxg3 48. hxg3 Rxf3 49. Rxf7 Kg6 50. Kg2 Ra3 51. Ra7 Kxf6 52. a6 Kf5
53. Kh3 d4 54. Rd7 g4+ 55. Kh4 Rxa6 56. Rf7+ Ke4 57. Kxg4 d3 58. Rf1 d2 59. Kg5
Rd6 0-1

[Event "7MCR_4D_1L_2S"]
[Site "?"]
[Date "2006.??.??"]
[Round "?"]
[White "Dedina, Miroslav"]
[Black "Hladecek, Miloslav"]
[Result "1/2-1/2"]
[WhiteElo "2302"]
[BlackElo "2281"]
[PlyCount "97"]
[EventDate "2006.??.??"]
[EventType "corr"]

1. Nf3 Nf6 2. c4 e6 3. g3 d5 4. d4 c5 5. cxd5 cxd4 6. dxe6 Bxe6 7. Qxd4 Nc6 8.
Qxd8+ Rxd8 9. Bg2 Nb4 10. Na3 Bxa2 11. O-O a6 12. Bg5 Be6 13. Rfd1 h6 14. Bxf6
gxf6 15. Nd4 b6 16. Nac2 Nxc2 17. Nxc2 a5 18. Rxd8+ Kxd8 19. Rd1+ Kc8 20. Ne3
Bc5 21. Nd5 Rd8 22. Kf1 a4 23. e4 Kb8 24. f4 Bxd5 25. exd5 Kc7 26. Bf3 b5 27.
Bh5 Rf8 28. Ke2 Re8+ 29. Kd3 Re7 30. Rd2 Kd6 31. Re2 Ra7 32. Rd2 Kxd5 33. Bf3+
Kd6 34. Kc2+ Ke7 35. Re2+ Kd7 36. Rd2+ Ke7 37. Re2+ Kf8 38. Bc6 b4 39. Re8+ Kg7
40. Ra8 Rc7 41. Bxa4 Bg1+ 42. Kd3 Bxh2 43. Rb8 Bxg3 44. Rxb4 h5 45. Rc4 Re7 46.
Re4 Ra7 47. Ke3 f5 48. Rd4 Rc7 49. Rd5 1/2-1/2

[Event "7MCR_4D_1L_2S"]
[Site "?"]
[Date "2006.??.??"]
[Round "?"]
[White "Dedina, Miroslav"]
[Black "Jandovsky, Viktor"]
[Result "1/2-1/2"]
[WhiteElo "2302"]
[BlackElo "2268"]
[PlyCount "61"]
[EventDate "2006.??.??"]
[EventType "corr"]

1. Nf3 Nf6 2. c4 e6 3. g3 d5 4. Bg2 Be7 5. O-O O-O 6. d4 dxc4 7. Qc2 a6 8. Qxc4
b5 9. Qc2 Bb7 10. Bg5 Nbd7 11. Bxf6 Nxf6 12. Nbd2 Rc8 13. Nb3 Be4 14. Qc3 Nd5
15. Qd2 c5 16. dxc5 Bxc5 17. Nxc5 Rxc5 18. Rfc1 Rxc1+ 19. Rxc1 Qa8 20. Qd4 Nf6
21. Rc7 Rd8 22. Qc5 h6 23. h3 Qd5 24. Qxd5 Rxd5 25. Ra7 Bxf3 26. Bxf3 Rd2 27.
Rxa6 Rxb2 28. Bc6 b4 29. e4 g5 30. a3 bxa3 31. Rxa3 1/2-1/2

[Event "7MCR_4D_1L_2S"]
[Site "?"]
[Date "2006.??.??"]
[Round "?"]
[White "Dedina, Miroslav"]
[Black "Jirku, Jaroslav"]
[Result "1/2-1/2"]
[WhiteElo "2302"]
[BlackElo "2292"]
[PlyCount "113"]
[EventDate "2006.??.??"]
[EventType "corr"]

1. Nf3 Nf6 2. c4 e6 3. g3 d5 4. d4 dxc4 5. Bg2 a6 6. O-O Nc6 7. e3 Bd7 8. Nc3
Bd6 9. Qe2 b5 10. e4 Be7 11. Bg5 O-O 12. Rad1 h6 13. Be3 Qe8 14. d5 Nb4 15. Ne1
exd5 16. e5 Ng4 17. a3 Nxe3 18. Qxe3 Nc6 19. Nxd5 Rc8 20. f4 Bd8 21. Qe4 Ne7
22. f5 Rb8 23. Nc2 Nxd5 24. Qxd5 Bc8 25. Qd4 c6 26. Kh1 Bc7 27. Rde1 Qd7 28.
Qf2 Bb6 29. Qf4 Bc5 30. h4 a5 31. Rd1 Qc7 32. f6 gxf6 33. Qxf6 Qe7 34. Qxh6
Qxe5 35. Rde1 Qxg3 36. Rg1 Bxg1 37. Rxg1 Bf5 38. Bxc6 Qxg1+ 39. Kxg1 Bxc2 40.
Qg5+ Kh8 41. Kf2 b4 42. Qxa5 bxa3 43. bxa3 Bd3 44. a4 f6 45. Qh5+ Kg7 46. Qg4+
Kh8 47. Qd4 Rbd8 48. Qc5 Rc8 49. Qh5+ Kg7 50. Bd7 Rcd8 51. Qg4+ Kh8 52. Be6
Rde8 53. Qh5+ Kg7 54. Bxc4 Bxc4 55. Qg4+ Kh6 56. Qxc4 Re5 57. Kf3 1/2-1/2

[Event "7MCR_4D_1L_2S"]
[Site "?"]
[Date "2006.??.??"]
[Round "?"]
[White "Dedina, Miroslav"]
[Black "Mikoska, Josef"]
[Result "1-0"]
[WhiteElo "2302"]
[BlackElo "2149"]
[PlyCount "69"]
[EventDate "2006.??.??"]
[EventType "corr"]

1. Nf3 Nf6 2. c4 g6 3. Nc3 Bg7 4. d4 O-O 5. e4 c6 6. Be2 d5 7. e5 Ne4 8. O-O
Nxc3 9. bxc3 dxc4 10. Bxc4 b5 11. Bb3 Na6 12. Ng5 Nc7 13. Qf3 Nd5 14. a4 b4 15.
cxb4 h6 16. Ne4 Nxb4 17. Rd1 Rb8 18. Nc5 Bf5 19. a5 Qc8 20. h3 Rb5 21. Ba3 Bc2
22. Bc4 Bxd1 23. Rxd1 Rb8 24. e6 Nd5 25. Nd7 fxe6 26. Nxf8 Qxf8 27. Qg3 Kh7 28.
Re1 Nf4 29. Bc5 Rd8 30. Bxe6 Bxd4 31. Bxe7 Nh5 32. Qh4 Bf6 33. Bxf8 Bxh4 34.
Bc5 Bf6 35. Bxa7 1-0

[Event "7MCR_4D_1L_2S"]
[Site "?"]
[Date "2006.??.??"]
[Round "?"]
[White "Dedina, Miroslav"]
[Black "Pravec, Ladislav"]
[Result "0-1"]
[WhiteElo "2302"]
[BlackElo "2401"]
[PlyCount "120"]
[EventDate "2006.??.??"]
[EventType "corr"]

1. Nf3 Nf6 2. c4 g6 3. g3 c6 4. b3 Qb6 5. Bg2 d5 6. O-O Bg7 7. d4 O-O 8. Nc3
Bf5 9. Ne5 Nbd7 10. Bg5 h6 11. Bxf6 Nxf6 12. e3 dxc4 13. bxc4 Qa5 14. Na4 Nd7
15. Nxd7 Bxd7 16. Nc5 Bc8 17. Rb1 Qc7 18. f4 b6 19. Nd3 Bf5 20. g4 Bxd3 21.
Qxd3 Qd6 22. f5 g5 23. Qc2 Rab8 24. Rb3 c5 25. d5 Rfd8 26. Be4 Kf8 27. Rf3 a6
28. a4 Qd7 29. Rb1 b5 30. axb5 axb5 31. cxb5 Rxb5 32. Rff1 Rb4 33. Rxb4 cxb4
34. Qc4 Bc3 35. Rb1 Qd6 36. Qc6 Kg7 37. Qxd6 exd6 38. Bc2 Ra8 39. Bb3 Re8 40.
Kf2 h5 41. gxh5 Bd2 42. Bd1 Bxe3+ 43. Ke2 Bc5+ 44. Kd2 Re5 45. Bg4 Rxd5+ 46.
Kc2 Rd4 47. h3 Rc4+ 48. Kb3 Rc3+ 49. Ka4 Ra3+ 50. Kb5 Kf6 51. Rf1 Re3 52. Rf3
b3 53. Rxe3 Bxe3 54. Bd1 b2 55. Bc2 Kg7 56. f6+ Kxf6 57. h6 Ke6 58. Kc4 Bf4 59.
h7 Be5 60. Kb3 f5 0-1

[Event "7MCR_4D_1L_2S"]
[Site "?"]
[Date "2006.??.??"]
[Round "?"]
[White "Dedina, Miroslav"]
[Black "Toman, Antonin"]
[Result "1-0"]
[WhiteElo "2302"]
[BlackElo "2248"]
[PlyCount "33"]
[EventDate "2006.??.??"]
[EventType "corr"]

1. Nf3 Nf6 2. c4 c5 3. Nc3 Nc6 4. g3 d5 5. d4 e6 6. cxd5 exd5 7. Bg2 Be7 8. O-O
O-O 9. dxc5 Bxc5 10. Bg5 Be6 11. Rc1 Bb6 12. b3 Re8 13. e3 Bg4 14. Bxf6 Qxf6
15. Nxd5 Qh6 16. Qc2 Bc7 17. Nxc7 1-0

[Event "7MCR_4D_1L_2S"]
[Site "?"]
[Date "2006.??.??"]
[Round "?"]
[White "Dedina, Miroslav"]
[Black "Vosahlik, Jiri"]
[Result "1/2-1/2"]
[WhiteElo "2302"]
[BlackElo "2328"]
[PlyCount "80"]
[EventDate "2006.??.??"]
[EventType "corr"]

1. Nf3 c5 2. c4 Nc6 3. e3 e6 4. Nc3 Nf6 5. d4 d5 6. cxd5 exd5 7. Bb5 Bd6 8. O-O
O-O 9. dxc5 Bxc5 10. b3 a6 11. Bxc6 bxc6 12. Bb2 Bd6 13. Rc1 Bb7 14. Na4 Re8
15. Qd4 Qc7 16. Rc2 Qe7 17. Rfc1 a5 18. Nc5 Bc8 19. Qh4 Bf5 20. Bxf6 Qxf6 21.
Qxf6 gxf6 22. Rd2 Bg6 23. Nd4 Rac8 24. h4 h6 25. h5 Bh7 26. Nd7 Kg7 27. Nb6 Ba3
28. Nxc8 Bxc1 29. Nd6 Rxe3 30. Rd1 Rc3 31. Ne2 Ba3 32. Nxc3 Bxd6 33. f3 Ba3 34.
Kf2 Bc2 35. Rd2 Bf5 36. Ne2 Bc5+ 37. Nd4 Bd7 38. Rd1 f5 39. f4 Kf6 40. a4 Bb6
1/2-1/2

[Event "7MCR_4D_1L_2S"]
[Site "?"]
[Date "2006.??.??"]
[Round "?"]
[White "Hladecek, Miloslav"]
[Black "Batka, Josef"]
[Result "1/2-1/2"]
[WhiteElo "2281"]
[BlackElo "2260"]
[PlyCount "126"]
[EventDate "2006.??.??"]
[EventType "corr"]

1. e4 c5 2. Nf3 Nc6 3. Bc4 e6 4. O-O Nf6 5. Re1 Nxe4 6. Rxe4 d5 7. Bxd5 Qxd5 8.
Nc3 Qd8 9. d3 b6 10. Qe2 Bb7 11. Rg4 h5 12. Rc4 Be7 13. Bd2 O-O 14. a4 Na5 15.
Rf4 Bd6 16. Ne5 Qg5 17. Re4 Qf5 18. Re3 f6 19. Nf3 Bf4 20. Rxe6 Bxf3 21. Qxf3
Bxh2+ 22. Kxh2 Qxe6 23. Re1 Qf7 24. Nb5 Nb7 25. Bf4 Rfe8 26. Re3 Rxe3 27. fxe3
Rf8 28. b3 h4 29. Qg4 g5 30. e4 Rd8 31. Bd2 Qd7 32. Qf3 Rf8 33. Qh5 Qf7 34. Qg4
Nd8 35. Bc3 Qe7 36. Qf5 a6 37. Na3 Ne6 38. Qd5 Kh7 39. Nc4 b5 40. Ne3 Qc7+ 41.
Kg1 Ng7 42. e5 Qe7 43. axb5 axb5 44. Qc6 fxe5 45. Qe4+ Kg8 46. b4 Qf7 47. bxc5
Qf4 48. Qd5+ Rf7 49. Qxe5 Qxe5 50. Bxe5 Nf5 51. Nd5 Rf8 52. c6 Kf7 53. Nb6 Ke6
54. c7 Ne7 55. d4 b4 56. g4 Rf3 57. Bh2 Rc3 58. d5+ Nxd5 59. c8=Q+ Rxc8 60.
Nxc8 Ne3 61. Bc7 Kd7 62. Ba5 Nxc2 63. Nb6+ Kc6 1/2-1/2

[Event "7MCR_4D_1L_2S"]
[Site "?"]
[Date "2006.??.??"]
[Round "?"]
[White "Hladecek, Miloslav"]
[Black "Bednarik, Radovan"]
[Result "1-0"]
[WhiteElo "2281"]
[BlackElo "2201"]
[PlyCount "75"]
[EventDate "2006.??.??"]
[EventType "corr"]

1. e4 e5 2. Nf3 Nc6 3. Bc4 Bc5 4. d3 Nf6 5. O-O d6 6. Nc3 Bg4 7. h3 Bh5 8. Na4
Bxf3 9. Qxf3 Nd4 10. Qd1 b5 11. c3 bxc4 12. Nxc5 dxc5 13. cxd4 cxd4 14. Qa4+
Nd7 15. Qxc4 O-O 16. Bd2 c5 17. Rac1 Qb6 18. b4 cxb4 19. Qd5 Rfd8 20. Bg5 Nf6
21. Qxe5 h6 22. Bxf6 Qxf6 23. Qa5 Rab8 24. Rc7 a6 25. Rfc1 Rb5 26. Qa4 Rdb8 27.
R1c5 Rxc5 28. Rxc5 Kh7 29. Qb3 Qe6 30. g3 Qb6 31. Qd5 b3 32. axb3 Qxb3 33. Qf5+
g6 34. Qf4 Rb7 35. Rd5 Qxd3 36. Kh2 Qa3 37. Rd6 Qa2 38. Qf6 1-0

[Event "7MCR_4D_1L_2S"]
[Site "?"]
[Date "2006.??.??"]
[Round "?"]
[White "Hladecek, Miloslav"]
[Black "Jandovsky, Viktor"]
[Result "1-0"]
[WhiteElo "2281"]
[BlackElo "2268"]
[PlyCount "77"]
[EventDate "2006.??.??"]
[EventType "corr"]

1. e4 c5 2. Nf3 d6 3. d4 cxd4 4. Nxd4 Nf6 5. Nc3 a6 6. Be2 e5 7. Nb3 Be7 8. O-O
O-O 9. Qd3 Nc6 10. Nd5 Be6 11. Rd1 Rc8 12. c3 Ne8 13. Nd2 Bg5 14. Nc4 f5 15.
Bxg5 Qxg5 16. exf5 Bxf5 17. Qg3 Qxg3 18. hxg3 Rd8 19. Ndb6 Rf6 20. Rd2 Kf8 21.
a4 Be6 22. Bf3 Bxc4 23. Nxc4 Ke7 24. Rad1 Rb8 25. Ne3 Kf8 26. Nc4 Ke7 27. b4 g6
28. a5 h6 29. Kf1 h5 30. Nb6 Re6 31. Be2 Nc7 32. g4 e4 33. Bc4 e3 34. Re2 Re5
35. gxh5 Rh8 36. f4 Rhxh5 37. Kg1 Re4 38. Nc8+ Kf8 39. Nxd6 1-0

[Event "7MCR_4D_1L_2S"]
[Site "?"]
[Date "2006.??.??"]
[Round "?"]
[White "Hladecek, Miloslav"]
[Black "Mikoska, Josef"]
[Result "1/2-1/2"]
[WhiteElo "2281"]
[BlackElo "2149"]
[PlyCount "69"]
[EventDate "2006.??.??"]
[EventType "corr"]

1. e4 e5 2. Nf3 Nc6 3. Bb5 a6 4. Ba4 Nf6 5. O-O Bc5 6. Nxe5 Nxe5 7. d4 b5 8.
Bb3 Bxd4 9. Qxd4 d6 10. f4 c5 11. Qd2 Neg4 12. Bd5 Nxd5 13. Qxd5 Ra7 14. f5 Rd7
15. Qd3 Qh4 16. Bf4 O-O 17. Nc3 Bb7 18. Rae1 Rdd8 19. Qd2 h6 20. Bg3 Qg5 21.
Rf4 b4 22. Nd1 Qh5 23. c3 a5 24. Nf2 Nxf2 25. Bxf2 Rfe8 26. a3 bxa3 27. bxa3 f6
28. c4 Qf7 29. Qd3 Ba6 30. Rc1 Bb7 31. Rg4 h5 32. Rf4 Re5 33. Re1 Rde8 34. Bg3
Qe7 35. Rh4 1/2-1/2

[Event "7MCR_4D_1L_2S"]
[Site "?"]
[Date "2006.??.??"]
[Round "?"]
[White "Hladecek, Miloslav"]
[Black "Postl, Rostislav"]
[Result "1/2-1/2"]
[WhiteElo "2281"]
[BlackElo "2319"]
[PlyCount "92"]
[EventDate "2006.??.??"]
[EventType "corr"]

1. e4 e5 2. Nf3 Nc6 3. Bc4 Bc5 4. d3 Nf6 5. O-O d6 6. Nc3 h6 7. Nd5 O-O 8. a4
a6 9. Be3 Bg4 10. Bxc5 dxc5 11. Ne3 Bh5 12. c3 Na5 13. Ba2 Re8 14. Qe2 b5 15.
h3 b4 16. Nc4 Nxc4 17. Bxc4 Qd6 18. a5 Rab8 19. Qe3 Bxf3 20. Qxf3 Kf8 21. g3
Kg8 22. Qf5 Re7 23. f4 Kh8 24. Rf2 Nd7 25. Raf1 Rf8 26. Qg4 Qf6 27. Rc1 Qd6 28.
Kh2 exf4 29. gxf4 f5 30. exf5 c6 31. Rg1 Nf6 32. Qh4 Qd8 33. Rfg2 bxc3 34. bxc3
Nd5 35. Kh1 Rf6 36. Rg6 Ref7 37. Rxf6 Rxf6 38. Rg6 Qd6 39. Qf2 Rxg6 40. fxg6
Qxg6 41. Bxa6 Qf5 42. Qg3 Qf6 43. Qe1 Qd8 44. d4 Nf6 45. Qe5 Qxa5 46. Qb8+ Kh7
1/2-1/2

[Event "7MCR_4D_1L_2S"]
[Site "?"]
[Date "2006.??.??"]
[Round "?"]
[White "Hladecek, Miloslav"]
[Black "Pravec, Ladislav"]
[Result "1/2-1/2"]
[WhiteElo "2281"]
[BlackElo "2401"]
[PlyCount "69"]
[EventDate "2006.??.??"]
[EventType "corr"]

1. e4 c5 2. Nf3 Nc6 3. Bc4 d6 4. d4 cxd4 5. Nxd4 Nf6 6. Nc3 e6 7. O-O Be7 8.
Qd3 O-O 9. Nxc6 bxc6 10. Qg3 d5 11. Bd3 Nd7 12. e5 Bh4 13. Qe3 c5 14. f4 c4 15.
Be2 Be7 16. Qg3 Qc7 17. Kh1 Bb7 18. Be3 Bc5 19. Bxc5 Nxc5 20. b4 cxb3 21. axb3
a5 22. Nb5 Qb6 23. Nd6 Ne4 24. Nxe4 dxe4 25. f5 exf5 26. Rxf5 Bd5 27. Rg5 g6
28. Rf5 Be6 29. Rff1 Rac8 30. c4 e3 31. Rab1 Rfd8 32. h3 Rd2 33. Rfe1 Rb8 34.
Bf1 a4 35. b4 1/2-1/2